Регионална библиотека "Любен Каравелов" - Русе

Разлог и Разложка селищна система [Изобразителен материал] (Запис номер 388930)

MARC детайли
000 -Лидер
Контролно поле с фиксирана дължина nkm a22 a 4500
003 - Код на организацията, давaща контролен номер
Контролно поле BLK
005 - Дата и час на последна редакция
Контролно поле 20200928105245.0
008 - Елементи от данни с фиксирана дължина
fixed length control field 200720b bu ||||| |||| 00| 0 bu d
040 ## - Източник на каталожния запис
Идентификатор на билиотеката - собственик на записа BLK
041 ## - Код за език
Код за езика на текст/звукозапис или на отделно заглавие Български
-- Руски
-- Немски
Код за езика КДБФ Български
080 ## - УДК
Текстов определител УДК Краезнание
УДК код - определител по УДК 908
УДК - код + определител 908(497.21-21)(084.12)
УДК определител (497.21-21)(084.12)
139 ## - Редно поле
Редна дума Разлог и Разложка селищна система
245 ## - Сведения за заглавието
Заглавие Разлог и Разложка селищна система [Изобразителен материал]
Подзаглавни данни Албум
Редно поле (дума) Авт.-състав. Петър Манов; снимки Сталю Сталев; прев. на рус. Людмила Станева; прев. на нем. Милка Георгиева Фингова
257 ## - Страна на издаване
Страна на създаване/издаване България
260 ## - Област на издателските данни
9 (RLIN) 210539
Място на издаване, разпространение и проч. София
Име на издателя, разпространителя и проч. Септември
Година на издаване 1984
Издателство - префикс ISBN 954-406-
300 ## - Физическа характеристика
Страници 1 албум (103 с.)
Размери/Мащаб 23 см
Илюстрации и др. с ил., портр.
380 ## - Жанр
Жанр География
500 ## - Общи забележки
Забележка Името на авт. отбелязано в изд. каре. - Парал. текст на рус., нем. ез. - 5 000 тир.
650 #0 - Допълнително описание по предмет – тема
9 (RLIN) 242494
Основно описание – тема или топоним Краезнание - България
651 #7 - Допълнително описание по предмет - топоним
9 (RLIN) 179429
Географско понятие Разлог
653 #0 - Ключова дума – ненормативна
9 (RLIN) 401783
Ключова дума снимкови албуми
700 1# - Други автори (авторска отговорност)
9 (RLIN) 92121
Лично име Манов, Петър
Автороска отговорност (Описва отношението между автора и произведението) авт.-състав.
700 ## - Други автори (авторска отговорност)
9 (RLIN) 402375
Лично име Сталев, Сталю Делчев
Автороска отговорност (Описва отношението между автора и произведението) снимки
700 ## - Други автори (авторска отговорност)
9 (RLIN) 1007
Лично име Станева, Людмила
Автороска отговорност (Описва отношението между автора и произведението) прев. на рус.
700 ## - Други автори (авторска отговорност)
9 (RLIN) 999
Лично име Фингова, Милка Георгиева
Автороска отговорност (Описва отношението между автора и произведението) прев. на нем.
852 ## - Местоположение
Форматна сигнатура Цб 301683
Фондова буква Хранилище
999 ## - СИСТЕМНИ КОНТРОЛНИ НОМЕРА
Koha biblionumber 388930
Koha biblioitemnumber 388930
942 ## - АРТИКУЛИ
Вид на библиотечния материал Книги
Скрит в OPAC Не
Периодичен библиозапис Да
944 ## - СЪЗДАВАНЕ И РЕДАКЦИЯ на ЗАПИСА
Създаване/Редакция Създаване
Дата на регистрацията/редакция 2020-09-28
Служител, извършил регистрацията/редакцията С.Т.
999 ## - СИСТЕМНИ КОНТРОЛНИ НОМЕРА
Koha biblioitemnumber 388918
Наличности
Код за отписване Код за изгубен артикул Източник на класификационната схема Код за повреда Коз за рестрикции Код за отдаване Артикулен № Име на библиотеката - собственик Име на библиотеката, в която се намира в момента Статус (Текущо местоположение) Дата на вписване в системата Местоположение - отдел Цена в лева Инвентарен номер Систематично азбучна сигнатура Баркод Цена в евро Служебен тип на артикула
  Не е изгубен Universal Decimal Classification Не е повреден само за читалня ползва се в читалня 801556 Регионална библиотека "Любен Каравелов" Русе Регионална библиотека "Любен Каравелов" Русе Хранилище 2020-09-30 Хранилище 4.29 412303 Цб 301683 120000412303 2.19 Книги
Vip Innovations Ltd, Rousse, Bulgaria 2025